000 00868nam a22002295i 4500
001 156724
003 ES-MaACL
005 20251017063108.0
008 040805s1829 fr |||| | fre d
040 _aCAM
_bspa
_cCAM
100 1 _aLa Mennais, Felicité Robert de,
_cAbbé
_9128519
245 1 0 _aDes progrés de la révolution et de la guerre contre l'Eglise /
_cpar l'Abbé F. de La Mennais.
250 _a2e éd.
260 _aParis ;
_aet à Bruxelles :
_bLibrairie Classique-Elémentaire et Catholique de Belin-Mandar et Devaux,
_c1829 (
_fImprimerie de J. Gratiot)
300 _aXV, 389, [2] p. ;
_c21 cm.
596 _aMención de impr. en vº antep.
597 _aNotas a pie de p.
650 0 7 _aIglesia y Estado
_2embne
_913554
752 _aBélgica -
_cBruselas
852 _aES-MaACL
_jG-12367
_z-- Enc. hol.
999 _c156724
_d156724